000
00296 a2200157 4500
001
160743
020
_a
040
_c
Magnum
100
_a
-
240
1
0
_a
O leao e o ratinho
_l
por
245
1
0
_a
O leao e o ratinho
362
0
_a
1899
440
1
_a
FTD
697
_a
IJ/CONTOS
942
_c
BK
999
_c
160743
_d
160743